Las nuevas técnicas de organización en la empresa periodística / (Record no. 122392)

MARC details
000 -LEADER
campo de control de longitud fija 00670nam a2200193 i 4500
001 - NÚMERO DE CONTROL
campo de control 122392
003 - IDENTIFICADOR DE NÚMERO DE CONTROL
campo de control ES-MaACL
005 - FECHA Y HORA DE LA ÚLTIMA TRANSACCIÓN
campo de control 20250902065116.0
007 - CAMPO FIJO DE DESCRIPCIÓN FÍSICA--INFORMACIÓN GENERAL
campo de control de longitud fija t|
008 - DATOS DE LONGITUD FIJA--INFORMACIÓN GENERAL
campo de control de longitud fija 070214s1971 sp a |||| | spa d
100 1# - ENTRADA PRINCIPAL--NOMBRE DE PERSONA
Nombre de persona Poyal Costa, José Luis.
9 (RLIN) 93512
245 14 - MENCIÓN DEL TÍTULO
Título Las nuevas técnicas de organización en la empresa periodística /
Mención de responsabilidad, etc. José Luis Poyal Costa ; prólogo de Alejandro Fernández Sordo.
260 ## - PUBLICACIÓN, DISTRIBUCIÓN, ETC.
Lugar de publicación, distribución, etc. Oviedo :
Nombre del editor, distribuidor, etc. [s.n.],
Fecha de publicación, distribución, etc. 1971 (
Fabricante Gráf. Summa)
300 ## - DESCRIPCIÓN FÍSICA
Extensión XII, 108 p. :
Otras características físicas il. ;
Dimensiones 22 cm.
650 #7 - PUNTO DE ACCESO ADICIONAL DE MATERIA--TÉRMINO DE MATERIA
Término de materia o nombre geográfico como elemento de entrada Empresas periodísticas
Fuente del encabezamiento o término embne
9 (RLIN) 166217
700 1# - ENTRADA AGREGADA--NOMBRE PERSONAL
Nombre de persona Fernández Sordo, Alejandro.
9 (RLIN) 50105
852 ## - LOCALIZACIÓN
Ubicación ES-MaACL
Número de control de estantería C-46398
Holdings
Estatus retirado Estado de pérdida Estado de daño No para préstamo Biblioteca de origen Biblioteca actual Ubicación en estantería Fecha de adquisición Fuente de adquisición Total de préstamos Signatura topográfica completa Código de barras Visto por última vez Precio de reemplazo Tipo de ítem Koha
        Biblioteca del Ateneo de Madrid Biblioteca del Ateneo de Madrid Depósito 2 17/01/2008     C-46398 1127538 23/02/2023 23/02/2023 Libro impreso